000 00785nam a2200193Ia 4500
005 20260429112245.0
008 260429s9999||||xx |||||||||||||| ||und||
020 _a9788126719884
041 _aHindi
082 _a491.438
_bWAD
100 _aवडनेरकर, अजित
245 0 _aशब्दों का सफर :
_bहिंदी की शब्द संपदा के जन्म सूत्रों की तलाश और विवेचना /
_cअजित वडनेरकर
250 _a4th ed.
260 _aनई दिल्ली :
_bराजकमल प्रकाशन,
_c2022.
300 _a375 p.; Hb
440 _vदूसरा पड़ाव
650 _aहिंदी शब्द सम्पदा
942 _cTB
999 _c53159
_d53159